| 000 | 00393 a2200157 4500 | ||
|---|---|---|---|
| 001 | 75940 | ||
| 020 | _a9788508184996 | ||
| 040 | _cAnchieta - Colégio São Paulo | ||
| 100 | _aNigro, Rogério Gonçalves | ||
| 240 | 1 | 0 |
_aProjeto Ápis: Ciências, 2º ano _lpor |
| 245 | 1 | 0 | _aProjeto Ápis: Ciências, 2º ano |
| 300 | _a192 | ||
| 362 | 0 | _a2017 | |
| 650 | 4 | _aCiências da terra | |
| 942 | _cBK | ||
| 999 |
_c75940 _d75940 |
||